Svetová geografia na písmeno B - Statistics

General Stats
  • This quiz has been taken 3 times
  • The average score is 18 of 20
Answer Stats
Otázka Odpoveď % Correct
Najhlbšie jazero sveta Bajkal
100%
Slávny sovietsky kozmodróm nachádzajúci sa v Kazachstane Bajkonur
100%
Súostrovie pod ktoré patria ostrovy Malorka, Menorka a Ibiza Baleáry
100%
Najväčšie mesto štátu USA Maryland Baltimore
100%
Ostrov v Karibiku na ktorom sa narodila slávna speváčka Rihanna Barbados
100%
Hlavné mesto Libanonu Bejrút
100%
Jediná krajina v Strednej Amerike ktorej názov sa začína na toto písmeno (nerátajúc ostrovne štáty v Karibskom mori) Belize
100%
Najväčšie mesto španielskeho autonómneho spoločenstva Baskicko Bilbao
100%
Druhé najväčšie mesto v Spojenom kráľovstve Birmingham
100%
Mesto v ktorom v 11. storočí vznikla najstaršia univerzita v Európe Bologna
100%
Tretí najväčší ostrov sveta Borneo
100%
Krajina v Afrike v minulosti nazývaná Bečuánsko Botswana
100%
Rieka prameniaca v Himalájach ktorá sa spoločnou deltou s Gangou vlieva do Bengálskeho zálivu Brahmaputra
100%
Jedna z dvoch krajín sveta v ktorej vládne sultán Brunej
100%
Krajina ktorá na severe susedí s Rwandou Burundi
100%
Okrajové more Severného ľadového oceánu medzi severným pobrežím Európy a Medvedím ostrovom, Špicbergami, Zemou Františka Jozefa a Novou zemou Barentsovo
67%
Prieliv oddeľujúci Áziu od Severnej Ameriky Beringov
67%
Spolková krajina v Nemecku ktorá dala meno jednej z najslávnejších stavieb Berlína Brandenbursko
67%
Prales ležiaci na území Poľska a Bieloruska známy hlavne výskytom zubra Bielovežský
33%
Najzápadnejšia provincia v Kanade s hlavným mestom Victoria Britská Kolumbia
33%
No matching quizzes found
Score Distribution
Percent of People with Each Score
Percentile by Number Answered
Your Score History
You have not taken this quiz